<?xml version="1.0" encoding="UTF-8"?>
<record
    xmlns:xsi="http://www.w3.org/2001/XMLSchema-instance"
    xsi:schemaLocation="http://www.loc.gov/MARC21/slim http://www.loc.gov/standards/marcxml/schema/MARC21slim.xsd"
    xmlns="http://www.loc.gov/MARC21/slim">

  <leader>04292cam a2200301Ia 4500</leader>
  <datafield tag="999" ind1=" " ind2=" ">
    <subfield code="c">9042</subfield>
    <subfield code="d">9042</subfield>
  </datafield>
  <controlfield tag="001">38900743</controlfield>
  <controlfield tag="003">OCoLC</controlfield>
  <controlfield tag="005">20241126110704.0</controlfield>
  <controlfield tag="008">980406s1998    cou      b    000 0 eng d</controlfield>
  <datafield tag="035" ind1=" " ind2=" ">
    <subfield code="a">(OCoLC)38900743</subfield>
    <subfield code="z">(OCoLC)74114489</subfield>
    <subfield code="z">(OCoLC)167243316</subfield>
  </datafield>
  <datafield tag="040" ind1=" " ind2=" ">
    <subfield code="a">JYH</subfield>
    <subfield code="b">eng</subfield>
    <subfield code="c">JYH</subfield>
    <subfield code="d">ZID</subfield>
    <subfield code="d">LVB</subfield>
    <subfield code="d">PBE</subfield>
    <subfield code="d">EQO</subfield>
    <subfield code="d">OCLCQ</subfield>
    <subfield code="d">OCLCF</subfield>
    <subfield code="d">CIRBC</subfield>
  </datafield>
  <datafield tag="082" ind1="0" ind2="4">
    <subfield code="a">266.0092</subfield>
    <subfield code="b">RAI</subfield>
  </datafield>
  <datafield tag="090" ind1=" " ind2=" ">
    <subfield code="a">BV2094.5</subfield>
    <subfield code="b">.R23 1998</subfield>
  </datafield>
  <datafield tag="092" ind1="0" ind2=" ">
    <subfield code="a">266.0083</subfield>
    <subfield code="b">R159</subfield>
  </datafield>
  <datafield tag="245" ind1="0" ind2="0">
    <subfield code="a">Raising resilient MK's :</subfield>
    <subfield code="b">resources for caregivers, parents, and teachers /</subfield>
    <subfield code="c">edited by Joyce M. Bowers.</subfield>
  </datafield>
  <datafield tag="260" ind1=" " ind2=" ">
    <subfield code="a">Colorado Springs, CO :</subfield>
    <subfield code="b">Association of Christian Schools International,</subfield>
    <subfield code="c">1998.</subfield>
  </datafield>
  <datafield tag="300" ind1=" " ind2=" ">
    <subfield code="a">xviii, 510 p. ;</subfield>
    <subfield code="c">23 cm.</subfield>
  </datafield>
  <datafield tag="504" ind1=" " ind2=" ">
    <subfield code="a">Includes bibliographical references.</subfield>
  </datafield>
  <datafield tag="505" ind1="0" ind2=" ">
    <subfield code="a">Looking back, pressing forward : the legacy of the ICMKs / Joyce M. Bowers -- ICMKs in perspective : deacons for the 21st century / Ted Ward -- Discipleship : the kingdom perspective ; Developing a flow of care ; Being a third-culture kid : a TCK profile / David C. Pollock -- I am green / Ruth Goring -- The real value of growing up overseas / Michael G. Loftis -- The MK's advantage : three cultural contexts / Ted Ward -- Transitions and the TCK / Jean M. Larson -- Preparing children for missionary life / Sandra D. Wright with Paul E. Nelson -- Adventurer, observer, member : helping MKs appreciate local culture / Sally Jane Norton -- The re-entry task / David C. Pollock -- Sudden removal from the field / John Powell -- Preparing our MKs for college / Beth Wyse -- Making career choices / David L. Wickstrom -- Career developments : Woodstock class of 1968 / Steve Van Rooy -- A TCP string of five pearls / William D. Taylor -- Emotional and behavioral patterns of adult MKs ; Bruising : when things go wrong / David L. Wickstrom -- Raising resilient MKs / Diane Morris -- Family dynamics that affect the MK / John Powell -- The importance of fathers in MK development / David L. Wickstrom -- Preschool curriculum : structure and wonder / Diane Lilleberg -- Development : the twig is bent / Wayne D. Lance -- Helping students develop : key concepts / John R. Powell -- Identifying issues and defining terms / Brian V. Hill -- The Christian school in a missions context / Richard J. Edlin -- Options for MK education ; Making informed decisions / Joyce M. Bowers -- Transcultural education : a model for expatriates / Brian V. Hill -- Foundation stones of transcultural education / Ollie Gibbs -- Building a conceptual framework for transcultural education / Peter and Jan Blackwell -- Nurturing our students' native languages / Anne-Christine Marttinen -- Learning the rules or learning the language? / Marilyn Pool Andreasson -- Second language issues for MKs in national schools / Cynthia Storrs -- Multiple choice in MK education / Alan McIlhenny -- Understanding the needs of Asian MKs / Polly Chan -- Boarding : getting back to basics / Tom and Wendy Ballentyne -- Preparing children for boarding school / Nick and Dora Pauls -- Developing Christian curriculum : a complex task ; Choosing a curriculum / Diane Lilleberg -- A framework for culturally sensitive curriculum / Richard J. edlin -- Pre-field orientation / Philip M. Renicks -- On-site orientation programs / Bonnie McGill -- Staff relationships that work / Roger H. Luce -- Promoting staff continuance / David K. Wilcox -- Effective parent-teacher partnerships / David C. Pollock -- Relations between teachers and dorm parents / Evan and Jewel Evans -- You are a protector / David C. Pollock -- Children with special needs / Wayne D. Lance -- MK research : notes and observations / John R. Powell -- Doing research together / Ted Ward -- Development of regional networks / David K. Wilcox -- Trends in missions : implications for MKs / Paul E. Nelson -- Trends in member care / David C. Pollock -- Facing the future : issues in MK education / Philip M. Renicks.</subfield>
  </datafield>
  <datafield tag="650" ind1=" " ind2="0">
    <subfield code="a">Children of missionaries</subfield>
    <subfield code="x">Psychology.</subfield>
    <subfield code="9">15781</subfield>
  </datafield>
  <datafield tag="650" ind1=" " ind2="0">
    <subfield code="a">Children of missionaries</subfield>
    <subfield code="x">Education.</subfield>
    <subfield code="9">15782</subfield>
  </datafield>
  <datafield tag="650" ind1=" " ind2="0">
    <subfield code="a">Children of missionaries</subfield>
    <subfield code="x">Family relationships.</subfield>
    <subfield code="9">15783</subfield>
  </datafield>
  <datafield tag="700" ind1="1" ind2=" ">
    <subfield code="a">Bowers, Joyce M.</subfield>
    <subfield code="9">15784</subfield>
  </datafield>
  <datafield tag="710" ind1="2" ind2=" ">
    <subfield code="a">Association of Christian Schools International.</subfield>
    <subfield code="9">15785</subfield>
  </datafield>
  <datafield tag="710" ind1="2" ind2=" ">
    <subfield code="a">Interaction, Inc.</subfield>
    <subfield code="9">15786</subfield>
  </datafield>
  <datafield tag="710" ind1="2" ind2=" ">
    <subfield code="a">Mission Training International.</subfield>
    <subfield code="9">15787</subfield>
  </datafield>
  <datafield tag="942" ind1=" " ind2=" ">
    <subfield code="2">ddc</subfield>
    <subfield code="c">BK</subfield>
  </datafield>
  <datafield tag="952" ind1=" " ind2=" ">
    <subfield code="0">0</subfield>
    <subfield code="1">0</subfield>
    <subfield code="2">ddc</subfield>
    <subfield code="4">0</subfield>
    <subfield code="7">0</subfield>
    <subfield code="a">GBC</subfield>
    <subfield code="b">GBC</subfield>
    <subfield code="c">MNMS</subfield>
    <subfield code="d">2022-03-16</subfield>
    <subfield code="l">0</subfield>
    <subfield code="o">266.0092 RAI</subfield>
    <subfield code="p">015193</subfield>
    <subfield code="r">2025-05-01 00:00:00</subfield>
    <subfield code="t">c.1</subfield>
    <subfield code="w">2022-03-16</subfield>
    <subfield code="y">BK</subfield>
  </datafield>
</record>
